my favourite country from each continent - Statistics

General Stats
  • This quiz has been taken 22 times
  • The average score is 4 of 6
Answer Stats
Hint Answer % Correct
fj fiji
94%
jp japan
94%
ec ecuador
78%
bw botswana
67%
gt guatemala
56%
mc monaco
39%
No matching quizzes found
Score Distribution
Percent of People with Each Score
Percentile by Number Answered
Your Score History
You have not taken this quiz